书目信息 |
| 题名: |
花事
|
|
| 作者: | 科莱特 著 ;黄荭 译 | |
| 分册: | ||
| 出版信息: | 上海 华东师范大学出版社 2007.09 |
|
| 页数: | 183页 | |
| 开本: | 22cm | |
| 丛书名: | 巴黎丛书 | |
| 单 册: | ||
| 中图分类: | I565.65 | |
| 科图分类: | ||
| 主题词: | 杂文--za wen--法国--现代--选集 | |
| 电子资源: | ||
| ISBN: | 978-7-5617-5594-5 | |
| 000 | 00997nam 2200277 450 | |
| 001 | 012008268300 | |
| 005 | 20080902111520.85 | |
| 010 | @a978-7-5617-5594-5@dCNY28.00 | |
| 100 | @a20080902d2007 em y0chiy0120 ea | |
| 101 | 1 | @achi@cfre |
| 102 | @aCN@b310000 | |
| 105 | @aa z 000yy | |
| 106 | @ar | |
| 200 | 1 | @a花事@Ahua shi@f(法) 科莱特著@F(fa)ke lai te zhu@d= Pour un herbier@fColette@g黄荭译@Ghuang hong yi@zfre |
| 210 | @a上海@c华东师范大学出版社@d2007.09 | |
| 215 | @a183页@c图@d22cm | |
| 225 | 2 | @a巴黎丛书@Aba li cong shu@i白色系列 |
| 330 | @a本书收录了《栀子花的独白》、《紫藤的习性》、《郁金香》、《幸运花和石柑》、《女门房家的侧金盏花》等杂文作品。 | |
| 410 | 0 | @12001 @a巴黎丛书@i白色系列 |
| 500 | 10 | @aPour un herbier@mChinese |
| 606 | 0 | @a杂文@Aza wen@y法国@z现代@j选集 |
| 690 | @aI565.65@v4 | |
| 701 | 1 | @a科莱特@Ake lai te@g(Colette, Sidonie-Gabrielle)@4著 |
| 702 | 0 | @a黄荭@Ahuang hong@4译 |
| 801 | 0 | @aCN@bQSSK@c20080902 |
| 905 | @b735294-96@dI565.65@eK506@f3 | |
| 花事/(法) 科莱特著= Pour un herbier/Colette/黄荭译.-上海:华东师范大学出版社,2007.09 |
| 183页:图;22cm.-(巴黎丛书.白色系列) |
| ISBN 978-7-5617-5594-5:CNY28.00 |
| 本书收录了《栀子花的独白》、《紫藤的习性》、《郁金香》、《幸运花和石柑》、《女门房家的侧金盏花》等杂文作品。 |
| ● |
| 相关链接 |
|
|
|
正题名:花事
索取号:I565.65/K506
 
预约/预借
| 序号 | 登录号 | 条形码 | 馆藏地/架位号 | 状态 | 备注 |
| 1 | 735294 | 207352942 | 文学库116/116文学库 24排6列2层/ [索取号:I565.65/K506] | 在馆 | |
| 2 | 735295 | 207352951 | 社科二线422/116文学库 24排6列2层/ [索取号:I565.65/K506] | 在馆 | |
| 3 | 735296 | 207352960 | 文学库116/116文学库 24排6列2层/ [索取号:I565.65/K506] | 在馆 |